Blood and lymphatic cancer targets and therapy.

Detalles Bibliográficos
Formato: Electrónico Revista
Lenguaje:inglés
Publicado: [Auckland, N.Z.] : Dove Medical Press, [2011]-
Materias:
Acceso en línea:Full text available from Research Library: 01/01/2011 to present

MARC

LEADER 00000nas a2200000 i 4500
001 ssj0000579171
003 WaSeSS
005 20200512172242.0
006 m d
007 cr n
008 101018c20119999nz x p s 0 0eng c
010 |a  2013247770 
016 7 |a 101596730  |2 DNLM 
022 |a 1179-9889  |l 1179-9889 
035 |a (WaSeSS)ssj0000579171 
040 |a NZ1  |b eng  |e pn  |c NZ1  |d OCLCQ  |d CUS  |d PFM  |d OCLCF  |d DLC  |d EUW  |d OCLCQ  |d NLM  |d OCLCO  |d OCLCA  |d WT2  |d OCLCQ  |d OCLCA  |d NLW  |d OCLCQ  |d CNMTR  |d OCLCQ  |d WaSeSS 
042 |a pcc 
050 4 |a RC633.A1 
060 0 0 |a W1 
082 0 4 |a 616.994106  |2 22 
210 1 0 |a Blood Lymphat Cancer  |2 dnlm 
210 1 |a Blood lymphat. cancer 
222 0 |a Blood and lymphatic cancer 
245 0 0 |a Blood and lymphatic cancer  |h [electronic resource] :  |b targets and therapy. 
260 |a [Auckland, N.Z.] :  |b Dove Medical Press,  |c [2011]- 
310 |a Irregular 
362 1 |a Began with 2011:1. 
506 |a License restrictions may limit access. 
515 |a Articles added irregularly during the year and collected into annual issues. 
515 |a Numbering from PDF running title. 
588 0 |a 2011:1; title from journal home page (Dove Press Web site, viewed October 22, 2013). 
588 1 |a 2016:6 (viewed on Nov. 28, 2016). 
650 0 |a Blood  |x Diseases  |v Periodicals. 
650 0 |a Leukemia  |v Periodicals. 
650 0 |a Multiple myeloma  |v Periodicals. 
650 0 |a Lymphomas  |v Periodicals. 
650 1 2 |a Hematology. 
650 1 2 |a Leukemia, Lymphoid. 
650 1 2 |a Lymphatic Metastasis. 
650 7 |a Blood  |x Diseases.  |2 fast  |0 (OCoLC)fst00834579 
650 7 |a Leukemia.  |2 fast  |0 (OCoLC)fst00996894 
650 7 |a Lymphomas.  |2 fast  |0 (OCoLC)fst01004321 
650 7 |a Multiple myeloma.  |2 fast  |0 (OCoLC)fst01028990 
655 0 |a Electronic journals. 
856 4 0 |z Full text available from Research Library: 01/01/2011 to present  |u https://search.proquest.com/publication/3933199